000 00548nam a2200181Ia 4500
003 GCL
008 140319s9999 xx 000 0 ara d
040 _aGCL /
_cGCL
082 0 4 _a813.03
_bس م
100 1 _aسالم حميش
245 1 0 _aمجنون الحكم, رواية /
_cسالم حميش
260 _a[S.N] :
_bرياض الريس للكتب والنشر ،
_c1990
300 _a271 ص
490 _aالسلسلة الروائية
_v0
650 0 4 _aالادب العربى
650 0 4 _aالقصص العربية
942 _2ddc
_cBK
999 _c54431
_d54431